[Event "11th Philadelphia International"]
[Site "Philadelphia, PA"]
[Date "2017.06.27"]
[Round "6.7"]
[White "Ruiz, Joshua"]
[Black "Paragua, Mark"]
[Result "0-1"]
[WhiteElo "2367"]
[BlackElo "2520"]
[PlyCount "94"]
[EventDate "2017.06.??"]
[EventType "swiss"]
[EventRounds "9"]
[EventCountry "USA"]

1. e4 c5 2. Nf3 d6 3. d4 cxd4 4. Nxd4 Nf6 5. Nc3 a6 6. Bg5 e6 7. f4 Nbd7 8. Qf3
Qc7 9. O-O-O Be7 10. Bd3 h6 11. Bh4 g5 12. fxg5 Ne5 13. Qe2 Nfg4 14. h3 hxg5
15. Bg3 Nf6 16. Kb1 Bd7 17. Nf3 Nh5 18. Bh2 Nf4 19. Qf2 Rc8 20. Rhf1 Qa5 21.
Nxg5 Nfxd3 22. cxd3 Bxg5 23. d4 Nc4 24. Qxf7+ Kd8 25. d5 Qb6 26. b3 e5 27. Qg7
Nd2+ 28. Kb2 Qe3 29. Qxh8+ Be8 30. Bxe5 dxe5 31. Qxe5 Nxf1 32. Qd6+ Bd7 33.
Qf8+ Kc7 34. Qxf1 Kd6 35. Rd3 Qf4 36. Qxf4+ Bxf4 37. a4 Be5 38. Kc2 b5 39. axb5
Bxb5 40. Rf3 Be2 41. Re3 Bf1 42. g4 Bd4 43. Rg3 Ke5 44. Rf3 Bg2 45. Rg3 Bxe4+
46. Kd2 Bf2 47. Nxe4 Kxe4 0-1

[Event "11th Philadelphia International"]
[Site "Philadelphia, PA"]
[Date "2017.06.27"]
[Round "6.8"]
[White "Garcia, Jan"]
[Black "Sarkar, Justin"]
[Result "1/2-1/2"]
[WhiteElo "2436"]
[BlackElo "2375"]
[PlyCount "43"]
[EventDate "2017.06.??"]
[EventType "swiss"]
[EventRounds "9"]
[EventCountry "USA"]

1. Nf3 d5 2. d4 Nf6 3. c4 e6 4. Nc3 dxc4 5. e3 a6 6. a4 b6 7. Bxc4 Bb7 8. O-O
Bb4 9. Qe2 O-O 10. Bd3 c5 11. Na2 Nc6 12. Bc4 Ba5 13. dxc5 bxc5 14. b3 Qe7 15.
Ba3 Ne4 16. Rac1 Nb4 17. Nc3 Nxc3 18. Rxc3 Na2 19. Rd3 Nc3 20. Qb2 Bxf3 21.
gxf3 Qg5+ 22. Kh1 1/2-1/2

[Event "11th Philadelphia International"]
[Site "Philadelphia, PA"]
[Date "2017.06.27"]
[Round "6.9"]
[White "Hilby, Craig"]
[Black "Mulyar, Michael"]
[Result "1-0"]
[WhiteElo "2380"]
[BlackElo "2407"]
[PlyCount "135"]
[EventDate "2017.06.??"]
[EventType "swiss"]
[EventRounds "9"]
[EventCountry "USA"]

1. d4 d5 2. c4 c6 3. Nf3 Nf6 4. Nc3 e6 5. Bg5 dxc4 6. e4 b5 7. e5 h6 8. Bh4 g5
9. Nxg5 hxg5 10. Bxg5 Nbd7 11. exf6 Bb7 12. g3 c5 13. d5 Qb6 14. Bg2 O-O-O 15.
O-O b4 16. Na4 Qb5 17. a3 Nb8 18. axb4 cxb4 19. Qg4 Bxd5 20. Rfc1 Nc6 21. Bxd5
Rxd5 22. Rxc4 Rxg5 23. Qd4 Kb8 24. Rxc6 Rxg3+ 25. fxg3 Qxc6 26. Rd1 Qc7 27. b3
Kc8 28. Qe4 Kb8 29. Qd4 Kc8 30. Qd3 Bc5+ 31. Nxc5 Qxc5+ 32. Kf1 Qc3 33. h4
Qxd3+ 34. Rxd3 Kc7 35. Kg2 Rh6 36. Rd1 a5 37. Ra1 Kb6 38. Rf1 Rh5 39. Rh1 a4
40. bxa4 Ka5 41. g4 Rh8 42. g5 b3 43. Kg3 Kxa4 44. h5 b2 45. Kg4 Kb3 46. Rb1
Rf8 47. h6 Kc2 48. Rxb2+ Kxb2 49. h7 Rh8 50. g6 fxg6 51. f7 e5 52. Kg5 e4 53.
Kf4 g5+ 54. Kxe4 Rf8 55. Ke5 g4 56. Kf6 g3 57. Kg7 g2 58. Kxf8 g1=Q 59. h8=Q+
Ka2 60. Qg7 Qc5+ 61. Kg8 Qd5 62. Qg6 Qc4 63. Qf5 Ka3 64. Kh7 Qh4+ 65. Kg6 Qg3+
66. Kh5 Qh2+ 67. Kg4 Qg2+ 68. Kh4 1-0

[Event "11th Philadelphia International"]
[Site "Philadelphia, PA"]
[Date "2017.06.27"]
[Round "6.10"]
[White "Belous, Vladimir"]
[Black "Li, Ben"]
[Result "0-1"]
[WhiteElo "2567"]
[BlackElo "2263"]
[PlyCount "46"]
[EventDate "2017.06.??"]
[EventType "swiss"]
[EventRounds "9"]
[EventCountry "USA"]

1. d4 d5 2. Nf3 Nf6 3. Bg5 Ne4 4. Bh4 c5 5. e3 Qb6 6. Qc1 cxd4 7. exd4 g5 8.
Bxg5 Nxg5 9. Qxg5 Qxb2 10. Qxd5 Qc1+ 11. Ke2 Nc6 12. Qb3 Bg4 13. c3 Bh6 14. g3
Nxd4+ 15. cxd4 Rc8 16. Qb5+ Kf8 17. Bg2 Qc2+ 18. Nbd2 Qxd2+ 19. Kf1 Rc1+ 20.
Rxc1 Qxc1+ 21. Ne1 Bd2 22. Qe5 f6 23. Qe4 Bf5 0-1

[Event "11th Philadelphia International"]
[Site "Philadelphia, PA"]
[Date "2017.06.27"]
[Round "6.12"]
[White "Peng, David Tianjian"]
[Black "Zhu, Jack Qijie"]
[Result "1-0"]
[WhiteElo "2254"]
[BlackElo "2400"]
[PlyCount "62"]
[EventDate "2017.06.??"]
[EventType "swiss"]
[EventRounds "9"]
[EventCountry "USA"]

1. e4 c6 2. d4 d5 3. Nd2 dxe4 4. Nxe4 Nd7 5. Nf3 Ngf6 6. Nxf6+ Nxf6 7. g3 Qd5
8. Bg2 Qe4+ 9. Be3 Nd5 10. Qd2 Bh3 11. Bxh3 Qxf3 12. O-O e6 13. Bg2 Qh5 14. c4
Nxe3 15. Qxe3 Bd6 16. d5 cxd5 17. cxd5 e5 18. Qb3 O-O-O 19. a4 Kb8 20. a5 Rc8
21. Rfc1 Qg5 22. Rc6 Qe7 23. Bh3 Rcd8 24. Rac1 g6 25. a6 b6 26. Qc4 f5 27. g4
e4 28. gxf5 Qe5 29. Kf1 Qxh2 30. Bg2 e3 31. Rxb6+ axb6 1-0

[Event "11th Philadelphia International"]
[Site "Philadelphia, PA"]
[Date "2017.06.27"]
[Round "6.13"]
[White "Zhang, Chao"]
[Black "Hong, andrew"]
[Result "1/2-1/2"]
[WhiteElo "2229"]
[BlackElo "2383"]
[PlyCount "69"]
[EventDate "2017.06.??"]
[EventType "swiss"]
[EventRounds "9"]
[EventCountry "USA"]

1. d4 d5 2. Nf3 Nf6 3. c4 e6 4. g3 dxc4 5. Bg2 Bb4+ 6. Bd2 a5 7. Qc2 Bxd2+ 8.
Qxd2 c6 9. a4 Ne4 10. Qf4 Qb6 11. Nbd2 Nxd2 12. Qxd2 Nd7 13. O-O Qb4 14. Rfc1
Qxd2 15. Nxd2 e5 16. d5 cxd5 17. Bxd5 Nb6 18. Bxc4 O-O 19. Bb5 Be6 20. Nc4 Bxc4
21. Bxc4 Rfc8 22. Bb5 Kf8 23. Kf1 Ke7 24. e3 Rxc1+ 25. Rxc1 Rc8 26. Rxc8 Nxc8
27. Ke2 Kd6 28. Bc4 f6 29. Bg8 h6 30. Kf3 Nb6 31. b3 Nd7 32. Bf7 Ke7 33. Bc4
Nc5 34. h4 g6 35. e4 1/2-1/2

[Event "11th Philadelphia International"]
[Site "Philadelphia, PA"]
[Date "2017.06.27"]
[Round "6.14"]
[White "Banik, Siddharth G"]
[Black "Perez, Robert M"]
[Result "1-0"]
[WhiteElo "2209"]
[BlackElo "2365"]
[PlyCount "97"]
[EventDate "2017.06.??"]
[EventType "swiss"]
[EventRounds "9"]
[EventCountry "USA"]

1. e4 c5 2. Nf3 d6 3. d4 Nf6 4. Nc3 cxd4 5. Nxd4 a6 6. Bg5 e6 7. f4 h6 8. Bh4
Qb6 9. Qd2 Qxb2 10. Rb1 Qa3 11. e5 dxe5 12. fxe5 g5 13. Bf2 Ng4 14. Bg3 Bg7 15.
Ne4 Nxe5 16. Rb3 Qa4 17. Nd6+ Ke7 18. Re3 f6 19. h4 g4 20. Bc4 Nbc6 21. O-O
Nxc4 22. N4f5+ Kf8 23. Nxc4 Qxc4 24. Qd6+ Kg8 25. Nxg7 Qd4 26. Qxd4 Nxd4 27.
Nh5 Kf7 28. Rxf6+ Ke7 29. Rf4 Rd8 30. c3 Rd5 31. Nf6 Rf5 32. Ng8+ Kf8 33. Rxd4
Kxg8 34. Rxg4+ Kf7 35. Be5 Ke7 36. Rg7+ Rf7 37. Reg3 b5 38. h5 a5 39. Rxf7+
Kxf7 40. Rg7+ Kf8 41. Rh7 b4 42. Rxh6 bxc3 43. Bxc3 e5 44. Bxe5 Ke7 45. Rh8 Ke6
46. Bc3 Bb7 47. Rxa8 Bxa8 48. h6 Be4 49. Bxa5 1-0

[Event "11th Philadelphia International"]
[Site "Philadelphia, PA"]
[Date "2017.06.27"]
[Round "6.15"]
[White "Paul, Justin"]
[Black "Mandizha, Farai"]
[Result "0-1"]
[WhiteElo "2195"]
[BlackElo "2342"]
[PlyCount "82"]
[EventDate "2017.06.??"]
[EventType "swiss"]
[EventRounds "9"]
[EventCountry "USA"]

1. Nf3 Nf6 2. c4 g6 3. Nc3 Bg7 4. e4 d6 5. g3 O-O 6. d4 e5 7. Bg2 exd4 8. Nxd4
a6 9. O-O Nbd7 10. h3 Rb8 11. b3 c5 12. Nc2 b5 13. cxb5 axb5 14. Bb2 b4 15. Na4
Qe7 16. Ne3 Ba6 17. Re1 Ne5 18. Nd5 Nxd5 19. exd5 Qa7 20. Re4 f5 21. Rxe5 dxe5
22. d6 e4 23. Bxg7 Kxg7 24. Rc1 c4 25. bxc4 Rf6 26. c5 Bb5 27. Nb6 e3 28. fxe3
Rxb6 29. cxb6 Qxb6 30. Rc7+ Kh6 31. Rb7 Qxe3+ 32. Kh1 Be2 33. Qd5 Bd3 34. Qg8
Qxg3 35. Qxh7+ Kg5 36. h4+ Kg4 37. Rxb4+ Be4 38. Rb2 Rxd6 39. Rd2 Bxg2+ 40. Kg1
Qe1+ 41. Kxg2 Rxd2# 0-1

[Event "11th Philadelphia International"]
[Site "Philadelphia, PA"]
[Date "2017.06.27"]
[Round "6.16"]
[White "Niemann, Hans"]
[Black "Virtanen, Teemu"]
[Result "1-0"]
[WhiteElo "2282"]
[BlackElo "2141"]
[PlyCount "113"]
[EventDate "2017.06.??"]
[EventType "swiss"]
[EventRounds "9"]
[EventCountry "USA"]

1. d4 Nf6 2. c4 e6 3. Nc3 Bb4 4. Bg5 h6 5. Bh4 b6 6. f3 c5 7. d5 O-O 8. e4 Re8
9. Nge2 exd5 10. cxd5 d6 11. a3 Bxc3+ 12. bxc3 Nbd7 13. Bf2 Ne5 14. Ng3 Bd7 15.
Be2 b5 16. O-O Qa5 17. Be1 Rab8 18. h3 Nc4 19. Qc1 Qd8 20. Rf2 Na5 21. Rb1 c4
22. Rf1 Rb6 23. Bd1 Ra6 24. Bf2 Nh7 25. Bc2 Nf8 26. Bd4 Qg5 27. Qxg5 hxg5 28.
Rb4 Nb3 29. Bxb3 cxb3 30. Rxb3 f6 31. Rc1 Rc8 32. Nf5 Kf7 33. Ne3 Ra4 34. Rcb1
Ng6 35. Kf2 Nf4 36. Ke1 g6 37. Kd2 f5 38. g3 Nxh3 39. Rh1 fxe4 40. fxe4 Rf8 41.
Rf1+ Ke7 42. Rxf8 Kxf8 43. Nd1 Rc4 44. Nb2 Rc7 45. Nd3 g4 46. e5 dxe5 47. Nxe5
Be8 48. d6 Rb7 49. c4 Ng5 50. c5 Rh7 51. Re3 Ne6 52. Kc3 Nd8 53. Nxg4 Rf7 54.
Ne5 Rf5 55. d7 Rxe5 56. Bxe5 Bxd7 57. Bd6+ 1-0

[Event "11th Philadelphia International"]
[Site "Philadelphia, PA"]
[Date "2017.06.27"]
[Round "6.17"]
[White "Guo, Authur"]
[Black "Jirasek, Ladia"]
[Result "1-0"]
[WhiteElo "2122"]
[BlackElo "2271"]
[PlyCount "103"]
[EventDate "2017.06.??"]
[EventType "swiss"]
[EventRounds "9"]
[EventCountry "USA"]

1. e4 c5 2. Nf3 g6 3. d4 cxd4 4. Nxd4 Nc6 5. Nc3 Bg7 6. Be3 Nf6 7. Bc4 Qa5 8.
O-O O-O 9. Bb3 d6 10. h3 Bd7 11. Re1 Rac8 12. Qd2 Rfe8 13. Rad1 a6 14. f4 b5
15. e5 b4 16. Nxc6 Bxc6 17. e6 fxe6 18. Bxe6+ Kh8 19. Ne2 Ne4 20. Qd3 Nc5 21.
Bxc5 Qxc5+ 22. Nd4 Rc7 23. Kh2 Bd5 24. Rd2 Ra7 25. Nb3 Bxb3 26. cxb3 Rf8 27.
Rc2 Qa5 28. Re4 Qxa2 29. Rxb4 Qb1 30. Qe2 Bh6 31. g3 Bg7 32. h4 Raa8 33. Rb7
Rae8 34. Rd2 Bf6 35. Rd7 Rc8 36. Rd1 Rc2 37. Rd2 Rc1 38. Qg2 Rfc8 39. Bc4 Qf5
40. Rb7 Qg4 41. Qe2 Qxe2+ 42. Rxe2 a5 43. Ra7 Ra1 44. g4 e5 45. g5 Bg7 46. h5
gxh5 47. f5 Rd1 48. f6 Bf8 49. Be6 Rd8 50. Bf5 Rf1 51. Rxh7+ Kg8 52. f7# 1-0

[Event "11th Philadelphia International"]
[Site "Philadelphia, PA"]
[Date "2017.06.27"]
[Round "6.18"]
[White "Nguyen, Tan"]
[Black "Grabinsky, Aaron"]
[Result "0-1"]
[WhiteElo "1949"]
[BlackElo "2338"]
[PlyCount "98"]
[EventDate "2017.06.??"]
[EventType "swiss"]
[EventRounds "9"]
[EventCountry "USA"]

1. d4 e6 2. c4 Nf6 3. Nf3 Bb4+ 4. Bd2 a5 5. g3 d6 6. Nc3 Nbd7 7. Bg2 Bxc3 8.
Bxc3 Ne4 9. Rc1 Qe7 10. O-O Nxc3 11. Rxc3 O-O 12. e4 e5 13. Re1 b6 14. h4 Nf6
15. Nh2 g6 16. Qd2 Bb7 17. f4 Rae8 18. d5 Bc8 19. Rf3 exf4 20. Qxf4 Nd7 21. Ng4
h5 22. Nf6+ Nxf6 23. Qxf6 Qxf6 24. Rxf6 Bf5 25. e5 Kg7 26. Rxf5 gxf5 27. e6 Kf6
28. Bf3 Rh8 29. e7 Rxe7 30. Rxe7 Kxe7 31. Kf2 Kf6 32. b3 Ke5 33. Ke3 f6 34. Bd1
Rg8 35. Kf3 f4 36. gxf4+ Kd4 37. Kf2 Ke4 38. Bxh5 Kxf4 39. Bf7 Rh8 40. h5 Kg5
41. Kg3 f5 42. Kf3 Rxh5 43. Bxh5 Kxh5 44. Kf4 Kg6 45. a3 Kf6 46. b4 axb4 47.
axb4 Kg6 48. c5 b5 49. cxd6 cxd6 0-1

[Event "11th Philadelphia International"]
[Site "Philadelphia, PA"]
[Date "2017.06.27"]
[Round "6.19"]
[White "Wheeler, Cameron"]
[Black "Eswaran, Ashritha"]
[Result "1-0"]
[WhiteElo "2407"]
[BlackElo "2086"]
[PlyCount "157"]
[EventDate "2017.06.??"]
[EventType "swiss"]
[EventRounds "9"]
[EventCountry "USA"]

1. Nf3 d5 2. d4 Nc6 3. g3 Bf5 4. Bg2 e6 5. O-O Nb4 6. Na3 Nf6 7. c4 c6 8. Nh4
Bg6 9. cxd5 exd5 10. Nxg6 hxg6 11. Nc2 Nxc2 12. Qxc2 Bd6 13. Rb1 O-O 14. b4 a6
15. e3 Qe7 16. Bd2 Ne8 17. a4 Nc7 18. Rfc1 Rfd8 19. Qb3 Qf6 20. Rc2 Bf8 21.
Rbc1 Rd7 22. Bh3 Rd6 23. Bf1 Rd7 24. b5 axb5 25. axb5 Nxb5 26. Bxb5 cxb5 27.
Qxb5 Qd8 28. Bb4 Bxb4 29. Qxb4 Qf8 30. Qb5 Qd6 31. h4 Kh7 32. Qb1 Ra6 33. Rb2
Rc6 34. Rxc6 bxc6 35. Rb6 Qf6 36. Qc2 Rd6 37. Qc5 Qe6 38. Rb7 Rd7 39. Rb8 Re7
40. Qa3 Re8 41. Rb7 Kg8 42. Qa7 Kf8 43. Rd7 Qf5 44. Qb7 Kg8 45. Rc7 Qf3 46. Rc8
Rxc8 47. Qxc8+ Kh7 48. Qxc6 Qe4 49. Qd7 Kg8 50. Kh2 Qf3 51. Qe8+ Kh7 52. Kg1 f6
53. Qe6 Kh8 54. Qd6 Kh7 55. Qf4 Qd1+ 56. Kg2 Qd3 57. Qf3 Qc4 58. Qg4 Qc6 59.
Qf4 Qc2 60. Qf3 Qc4 61. g4 Kg8 62. h5 gxh5 63. gxh5 Qc6 64. Qf5 Qd6 65. Kh3 Kf7
66. Kg4 Kf8 67. Qc8+ Kf7 68. Qb7+ Kg8 69. Kf5 Kh7 70. Qf7 Qh2 71. Qg6+ Kg8 72.
Qe8+ Kh7 73. Ke6 Qxf2 74. Kf7 Qf5 75. Qg8+ Kh6 76. Qxg7+ Kxh5 77. Qxf6 Qd3 78.
Ke6 Kg4 79. Qf4+ 1-0

[Event "11th Philadelphia International"]
[Site "Philadelphia, PA"]
[Date "2017.06.27"]
[Round "6.20"]
[White "Cooke, Eric"]
[Black "Aaron, Deepak"]
[Result "0-1"]
[WhiteElo "2118"]
[BlackElo "2321"]
[PlyCount "78"]
[EventDate "2017.06.??"]
[EventType "swiss"]
[EventRounds "9"]
[EventCountry "USA"]

1. d4 e6 2. c4 f5 3. Nc3 Nf6 4. Nf3 Bb4 5. Bd2 b6 6. g3 Bb7 7. Bg2 O-O 8. O-O
Qe8 9. Rc1 Bxc3 10. Bxc3 d6 11. b4 h6 12. Bb2 g5 13. a4 Be4 14. c5 Nc6 15. cxd6
cxd6 16. b5 Ne7 17. Ba3 Rd8 18. Rc7 Ned5 19. Rxa7 f4 20. Qd2 Qh5 21. a5 fxg3
22. fxg3 Ng4 23. h3 Nge3 24. g4 Nxf1 25. Bxf1 Qg6 26. axb6 Nxb6 27. Qc1 Nd5 28.
Ra6 Bxf3 29. exf3 Qf6 30. Bxd6 Qxd4+ 31. Kh1 Rxf3 32. Bg2 Rc3 33. Qg1 Ne3 34.
Be7 Nxg2 35. Qxd4 Rxd4 36. Bf6 Rd1+ 37. Kxg2 Rc2+ 38. Kf3 Rf1+ 39. Ke4 Rxf6 0-1

[Event "11th Philadelphia International"]
[Site "Philadelphia, PA"]
[Date "2017.06.27"]
[Round "6.21"]
[White "Moon, Benjamin"]
[Black "Mujumbeer, Sameer"]
[Result "1-0"]
[WhiteElo "2304"]
[BlackElo "2089"]
[PlyCount "85"]
[EventDate "2017.06.??"]
[EventType "swiss"]
[EventRounds "9"]
[EventCountry "USA"]

1. d4 Nf6 2. Bf4 g6 3. Nc3 Bg7 4. e4 d6 5. Qd2 a6 6. f3 Nc6 7. O-O-O Nd7 8. d5
Nce5 9. Bh6 O-O 10. Bxg7 Kxg7 11. f4 Ng4 12. Qd4+ f6 13. Be2 Nh6 14. g4 c5 15.
dxc6 bxc6 16. g5 Nf7 17. gxf6+ Nxf6 18. Nf3 c5 19. Qe3 Qa5 20. Nd2 Be6 21. Bc4
Bxc4 22. Nxc4 Qb4 23. Qe2 Rab8 24. a3 Qb7 25. e5 Nh5 26. Rhf1 Kg8 27. b3 dxe5
28. fxe5 Rbd8 29. Rxd8 Nxd8 30. Rxf8+ Kxf8 31. Qf2+ Ke8 32. Qxc5 Qh1+ 33. Kb2
Qxh2 34. Nd5 Qh4 35. Nc7+ Kf8 36. Qd5 e6 37. Nxe6+ Nxe6 38. Qxe6 Qd4+ 39. Ka2
Nf4 40. Qf6+ Kg8 41. Nd6 h5 42. Qf7+ Kh8 43. Ne8 1-0

[Event "11th Philadelphia International"]
[Site "Philadelphia, PA"]
[Date "2017.06.27"]
[Round "6.23"]
[White "Kumar, Prudhvi"]
[Black "Nguyen, Trung"]
[Result "0-1"]
[WhiteElo "1707"]
[BlackElo "2132"]
[PlyCount "86"]
[EventDate "2017.06.??"]
[EventType "swiss"]
[EventRounds "9"]
[EventCountry "USA"]

1. b3 d6 2. Bb2 e5 3. e3 f5 4. d4 e4 5. d5 Nf6 6. Ne2 Be7 7. c4 O-O 8. Nbc3
Nbd7 9. Nf4 Ne5 10. Nb5 g5 11. Nh3 Nfd7 12. b4 Ng6 13. Nd4 Nde5 14. Qc2 Bf6 15.
Be2 f4 16. exf4 Nd3+ 17. Bxd3 exd3 18. Qxd3 Re8+ 19. Kd1 gxf4 20. Re1 Rxe1+ 21.
Kxe1 Qe7+ 22. Qe2 Qf7 23. Kf1 Bxd4 24. Bxd4 f3 25. Qe3 Bxh3 26. gxh3 Re8 27.
Qg5 Qd7 28. Qg4 Qxg4 29. hxg4 Re4 30. Be3 Rxg4 31. Rc1 Rg2 32. Bxa7 Rxh2 33.
Kg1 Rg2+ 34. Kh1 Ne5 35. Be3 Ng4 36. a4 Nxf2+ 37. Bxf2 Rxf2 38. Rc3 Rb2 39. b5
Rb1+ 40. Kh2 f2 41. Rg3+ Kh8 42. Rf3 f1=Q 43. Rxf1 Rxf1 0-1

[Event "11th Philadelphia International"]
[Site "Philadelphia, PA"]
[Date "2017.06.27"]
[Round "6.24"]
[White "Kumar, Nikhil"]
[Black "Goli, Sandhya"]
[Result "1-0"]
[WhiteElo "2367"]
[BlackElo "1873"]
[PlyCount "47"]
[EventDate "2017.06.??"]
[EventType "swiss"]
[EventRounds "9"]
[EventCountry "USA"]

1. d4 Nf6 2. c4 e6 3. Nc3 Bb4 4. e3 O-O 5. Bd3 d5 6. Nf3 Re8 7. O-O c6 8. a3
Bd6 9. Qc2 Nbd7 10. Rd1 h6 11. b3 a6 12. Bb2 Qc7 13. h3 dxc4 14. bxc4 b5 15.
Rac1 bxc4 16. Bxc4 Bb7 17. e4 Bf4 18. Rb1 e5 19. Ne2 exd4 20. Nxf4 Qxf4 21.
Bxd4 Bc8 22. e5 Nd5 23. Bxd5 cxd5 24. Qc6 1-0

[Event "11th Philadelphia International"]
[Site "Philadelphia, PA"]
[Date "2017.06.27"]
[Round "6.25"]
[White "Proleiko, Julian"]
[Black "Zhu, Qingyu"]
[Result "1-0"]
[WhiteElo "2156"]
[BlackElo "1964"]
[PlyCount "133"]
[EventDate "2017.06.??"]
[EventType "swiss"]
[EventRounds "9"]
[EventCountry "USA"]

1. e4 e5 2. Nf3 Nc6 3. Bb5 a6 4. Ba4 Nf6 5. O-O Be7 6. Re1 b5 7. Bb3 d6 8. c3
O-O 9. h3 Na5 10. Bc2 c5 11. d4 Qc7 12. Nbd2 c4 13. Nf1 Re8 14. Ng3 g6 15. Nh2
Nd7 16. Ng4 Nf6 17. Qf3 Nxg4 18. hxg4 Bf8 19. Qe2 Bg7 20. d5 Nb7 21. Be3 Nc5
22. f3 Bd7 23. Qd2 a5 24. Kf2 f6 25. Rh1 Re7 26. Rh4 Rb8 27. b4 axb4 28. cxb4
Na6 29. Qc3 Qb7 30. Rah1 Bh8 31. a3 Be8 32. Ra1 Rc7 33. Rhh1 Ra8 34. Rhb1 Nb8
35. Ne2 Bg7 36. Qd2 Ra6 37. Nc3 Qa8 38. a4 Rb7 39. Qd1 bxa4 40. Bxa4 Bxa4 41.
Rxa4 Rxa4 42. Qxa4 Qxa4 43. Nxa4 Nd7 44. Ke2 h5 45. gxh5 gxh5 46. Kd2 Kh7 47.
Kc3 Bh6 48. Bf2 Kg6 49. b5 f5 50. Kxc4 fxe4 51. fxe4 Nf6 52. Kd3 Ng4 53. Bg1 h4
54. b6 Nf6 55. Nc3 Nh5 56. Kc4 Nf4 57. Rb2 Kh5 58. Be3 Nxg2 59. Bxh6 h3 60. Kb5
Kxh6 61. Kc6 Rg7 62. b7 h2 63. b8=Q h1=Q 64. Qh8+ Rh7 65. Qf6+ Kh5 66. Qf3+ Kh6
67. Rxg2 1-0

[Event "11th Philadelphia International"]
[Site "Philadelphia, PA"]
[Date "2017.06.27"]
[Round "6.26"]
[White "Easton, Jack"]
[Black "Zhu, Evelyn"]
[Result "1-0"]
[WhiteElo "2098"]
[BlackElo "1754"]
[PlyCount "55"]
[EventDate "2017.06.??"]
[EventType "swiss"]
[EventRounds "9"]
[EventCountry "USA"]

1. d4 d5 2. c4 e6 3. Nc3 c5 4. e3 Nf6 5. dxc5 Bxc5 6. Nf3 a6 7. a3 O-O 8. b4
Ba7 9. Bb2 dxc4 10. Bxc4 b5 11. Be2 Qe7 12. Nd2 Bb7 13. Bf3 Nc6 14. Nce4 Nxe4
15. Nxe4 Nxb4 16. Nf6+ gxf6 17. Bxb7 Nd3+ 18. Qxd3 Qxb7 19. Bxf6 Rfc8 20. e4
Kf8 21. O-O Qc7 22. Qf3 Qc5 23. Rad1 Bb8 24. Rd7 Ke8 25. Rfd1 Ba7 26. Bd4 Qf8
27. Bxa7 Rd8 28. Bc5 1-0

[Event "11th Philadelphia International"]
[Site "Philadelphia, PA"]
[Date "2017.06.27"]
[Round "6.27"]
[White "De Fotis, Gary"]
[Black "Macaspac, Arthur"]
[Result "1/2-1/2"]
[WhiteElo "1911"]
[BlackElo "2059"]
[PlyCount "126"]
[EventDate "2017.06.??"]
[EventType "swiss"]
[EventRounds "9"]
[EventCountry "USA"]

1. d4 Nf6 2. c4 e6 3. Nc3 Bb4 4. e3 b6 5. Nge2 c5 6. a3 Ba5 7. Rb1 Na6 8. Nf4
Ne4 9. Qc2 Nxc3 10. bxc3 O-O 11. Bd3 h6 12. O-O Bb7 13. e4 d6 14. d5 Nc7 15.
Bd2 Bc8 16. Rbe1 Bd7 17. Re3 e5 18. Ne2 f6 19. Rg3 Kf7 20. f4 Qe7 21. fxe5 dxe5
22. Nf4 g5 23. Nh5 Kg6 24. Qd1 Ne8 25. h3 Ng7 26. Nxg7 Kxg7 27. h4 Be8 28. hxg5
hxg5 29. Qg4 Bg6 30. Rf5 Bxf5 31. Qxf5 Rf7 32. Rh3 Rh8 33. Rxh8 Kxh8 34. Be2
Rh7 35. Qc8+ Kg7 36. Bg4 Rh8 37. Qc6 Rd8 38. Bf5 Rd6 39. Qc8 b5 40. cxb5 Rd8
41. Qc6 c4 42. Qxc4 Qxa3 43. Qd3 Bb6+ 44. Be3 Kf8 45. Bxb6 axb6 46. Qh3 Qc1+
47. Kh2 Qf4+ 48. g3 Qf2+ 49. Kh1 Ke7 50. Qh7+ Kd6 51. Qg7 Qf3+ 52. Kh2 Qh5+ 53.
Kg2 Qe8 54. Qxf6+ Kc5 55. Qc6+ Qxc6 56. bxc6 Kd6 57. Kf3 Ra8 58. Ke3 Ra3 59.
Kd2 b5 60. Kc2 Ra7 61. Bg6 Kc7 62. Bf5 Kb6 63. Kb3 Ra1 1/2-1/2

[Event "11th Philadelphia International"]
[Site "Philadelphia, PA"]
[Date "2017.06.27"]
[Round "6.28"]
[White "Kumar, Naman"]
[Black "Bayer, Anu"]
[Result "0-1"]
[WhiteElo "1840"]
[BlackElo "2041"]
[PlyCount "102"]
[EventDate "2017.06.??"]
[EventType "swiss"]
[EventRounds "9"]
[EventCountry "USA"]

1. e4 d5 2. exd5 Qxd5 3. Nc3 Qd6 4. d4 Nf6 5. Nf3 a6 6. g3 Bg4 7. h3 Bh5 8. Bg2
Nc6 9. O-O O-O-O 10. Bf4 Qb4 11. g4 Bg6 12. Ne2 Qxb2 13. c4 e6 14. Kh1 Bb4 15.
Be3 Bc2 16. Qc1 Qxc1 17. Rfxc1 Bd3 18. Nf4 Be4 19. Ng5 Bxg2+ 20. Kxg2 Rhf8 21.
a3 Be7 22. Ngxe6 fxe6 23. Nxe6 Rd7 24. Nxf8 Bxf8 25. d5 Na5 26. Ra2 Ne4 27. f3
Nd6 28. Rac2 Ndxc4 29. Rxc4 Nxc4 30. Rxc4 Bxa3 31. Rc3 Bd6 32. f4 b5 33. Kf3 b4
34. Rc2 Kb7 35. Ke2 a5 36. Kd3 Ka6 37. Kc4 Re7 38. Bd4 Bxf4 39. Kb3 Bd6 40. Ka4
Re1 41. Bxg7 Rd1 42. Rc6+ Kb7 43. Rc4 Rxd5 44. Rd4 Rxd4 45. Bxd4 c5 46. Bf6 Kc6
47. Kxa5 c4 48. g5 Kd5 49. Ka4 b3 50. Bb2 Be5 51. Bc1 b2 0-1

[Event "11th Philadelphia International"]
[Site "Philadelphia, PA"]
[Date "2017.06.27"]
[Round "6.29"]
[White "Shepherd, Duncan"]
[Black "Winkelman, Albert"]
[Result "1/2-1/2"]
[WhiteElo "1785"]
[BlackElo "2028"]
[PlyCount "138"]
[EventDate "2017.06.??"]
[EventType "swiss"]
[EventRounds "9"]
[EventCountry "USA"]

1. d4 Nf6 2. c4 e6 3. Nf3 d5 4. Nc3 Bb4 5. cxd5 exd5 6. Bg5 h6 7. Bh4 Nbd7 8.
e3 g5 9. Bg3 Ne4 10. Qc2 Nb6 11. Bd3 Bf5 12. Nd2 Nxg3 13. hxg3 Bxd3 14. Qxd3
Qd7 15. a3 Bd6 16. b4 O-O-O 17. Nb3 Qe6 18. Nc5 Bxc5 19. dxc5 Nc4 20. Nb5 Ne5
21. Qd1 d4 22. Nxd4 Qc4 23. Qd2 Nd3+ 24. Kf1 Nc1+ 25. Kg1 Nb3 26. Qa2 Rxd4 27.
exd4 Qxd4 28. Re1 Qd3 29. Qe2 Qxe2 30. Rxe2 Nd4 31. Re3 a5 32. f3 axb4 33. axb4
Nc2 34. Re7 Nxb4 35. Rxf7 c6 36. f4 g4 37. Rg7 Nd3 38. f5 Nxc5 39. f6 Ne6 40.
Rxg4 Kd7 41. Rgh4 Rf8 42. Rxh6 b5 43. Kf2 Nd4 44. g4 b4 45. g5 b3 46. Rh8 Rxh8
47. Rxh8 Ke6 48. Ke3 Nb5 49. Kd2 Nd6 50. Kd3 c5 51. Rh4 Kf5 52. Rh5 Kg6 53. g4
c4+ 54. Kc3 Ne4+ 55. Kb2 Nd6 56. Kc3 Ne4+ 57. Kxc4 b2 58. Rh1 Kxg5 59. Kd5
Nxf6+ 60. Ke6 Ne4 61. Rb1 Kxg4 62. Rxb2 Kf4 63. Rb4 Ke3 64. Ke5 Nc3 65. Rg4 Kd3
66. Rh4 Nb5 67. Kd5 Nc3+ 68. Kc5 Ne4+ 69. Rxe4 Kxe4 1/2-1/2

[Event "11th Philadelphia International"]
[Site "Philadelphia, PA"]
[Date "2017.06.27"]
[Round "6.30"]
[White "Somalwar, Anaiy"]
[Black "Guddanti, Harshita"]
[Result "0-1"]
[WhiteElo "1780"]
[BlackElo "2023"]
[PlyCount "88"]
[EventDate "2017.06.??"]
[EventType "swiss"]
[EventRounds "9"]
[EventCountry "USA"]

1. d4 Nf6 2. c4 e6 3. Nc3 Bb4 4. e3 O-O 5. Nge2 d5 6. a3 Be7 7. Ng3 c6 8. cxd5
exd5 9. b4 Re8 10. Bd3 Bd6 11. O-O Ng4 12. h3 Nf6 13. Qf3 Na6 14. Nh5 Nxh5 15.
Qxh5 g6 16. Qd1 Nc7 17. e4 dxe4 18. Nxe4 Be7 19. Bb2 Bf5 20. Re1 Bxe4 21. Rxe4
Bf6 22. Rxe8+ Nxe8 23. Qg4 a5 24. bxa5 Rxa5 25. Qe2 Nc7 26. Rd1 Rd5 27. Bc4 Rd6
28. d5 Nxd5 29. Bxd5 Rxd5 30. Re1 Rd2 31. Qe8+ Qxe8 32. Rxe8+ Kg7 33. Bxf6+
Kxf6 34. Rb8 b5 35. Rb6 Rc2 36. Kh2 Ke5 37. Rb7 Rxf2 38. Kg3 Rf1 39. Rd7 Ke6
40. Rd3 Rb1 41. Kf4 c5 42. Ke4 Re1+ 43. Kf3 c4 44. Rd2 Ra1 0-1